logo

Bir Sreshtho Munshi Abdur Rouf Library
Jhenaidah Cadet College

Variation and adaptation in plant species / (Record no. 7940)

MARC details
000 -LEADER
fixed length control field 00943nam a2200313 a 4500
001 - CONTROL NUMBER
JCCL Control Number 7940
003 - CONTROL NUMBER IDENTIFIER
JCCL marc code BD-JhCC
005 - DATE AND TIME OF LATEST TRANSACTION
control field 20180215164958.0
008 - FIXED-LENGTH DATA ELEMENTS--GENERAL INFORMATION
fixed length control field 180215s1971 enkabf b 001 0 eng d
020 ## - INTERNATIONAL STANDARD BOOK NUMBER
International Standard Book Number 0435614800
035 ## - SYSTEM CONTROL NUMBER
system control number (BD-JhCC)7940
040 ## - CATALOGING SOURCE
Original cataloging agency BD-JhCC
Modifying agency BD-JhCC
041 ## - LANGUAGE CODE
Language code of Book eng
050 #0 - LIBRARY OF CONGRESS CALL NUMBER
Classification number QH406
Item number J58
082 ## - DEWEY DECIMAL CLASSIFICATION NUMBER
Classification number 581.15
Author mark and Year JON 1971
100 1# - MAIN ENTRY--PERSONAL NAME
Personal name Jones, David A.
Fuller form of name (David Alwyn)
245 10 - TITLE STATEMENT
Title Variation and adaptation in plant species /
Statement of responsibility, etc [by] David A. Jones and Dennis A. Wilkins.
260 ## - PUBLICATION, DISTRIBUTION, ETC. (IMPRINT)
Place of publication, distribution, etc London :
Name of publisher, distributor, etc Heinemann Educational,
Date of publication, distribution, etc 1971.
300 ## - PHYSICAL DESCRIPTION
Pagination vii, 184 p., plate :
Other physical details ill., map ;
Dimensions 21 cm.
490 1# - SERIES STATEMENT
Series statement Scholarship series in biology
500 ## - GENERAL NOTE
General note Includes index.
504 ## - BIBLIOGRAPHY, ETC. NOTE
Bibliography, etc Bibliography: p. [178]-181
650 #0 - SUBJECT ADDED ENTRY--TOPICAL TERM
Topical term or geographic name as entry element Plants
General subdivision Variation.
650 #0 - SUBJECT ADDED ENTRY--TOPICAL TERM
Topical term or geographic name as entry element Plants
General subdivision Adaptation.
700 1# - ADDED ENTRY--PERSONAL NAME
Personal name Wilkins, Dennis A.
Fuller form of name (Dennis Arthur)
830 #0 - SERIES ADDED ENTRY--UNIFORM TITLE
Uniform title Scholarship series in biology
942 ## - ADDED ENTRY ELEMENTS (KOHA)
Source of classification or shelving scheme Dewey Decimal Classification
Koha item type Books
Holdings
Source of classification or shelving scheme Damaged status Not for loan Home library Current library Shelving location Date of accession Total Checkouts Full call number Barcode Date last seen Koha item type
Dewey Decimal Classification     JCC Rouf Library JCC Rouf Library General Stacks 02/15/2018   581.15 JON 1971 10575 02/15/2018 Books

JCC Library | Contacts | JCC Home

Last Update on 23 September 2017
Copyright @ 2017-2020 JCC Rouf Library
Rouf Library, Jhenidah Cadet College (JCC), Bangladesh